000 00725nam a2200241 i 4500
001 C2-0341586
003 PPAK
005 20180728143228.0
008 170503s2004 my |||| ||||| | may d
040 _aPPAK
_beng
_cPPAK
_erda
082 0 4 _a306.874
_223
090 0 0 _a306.874
_bNOR
_dKK
100 0 _aNorazma Rospadilah Ab. Kadir,
_eauthor
245 1 0 _aHubungan ibu bapa - anak dengan kesejahteraan ibu bapa
264 1 _aSintok, Kedah :
_bUniversiti Utara Malaysia ,
_c2004/2005
300 _a38 pages ;
_c30 cm
336 _2rdacontent
_atext
337 _2rdamedia
_aunmediated
338 _2rdacarrier
_avolume
500 _aTesis ; Includes bibliography pages
650 1 0 _aParent and child.
942 _ddc
_cB
999 _c138618
_d138618